| 000 | 01030nam a2200193 a 4500 | ||
|---|---|---|---|
| 008 | 120416s1981 ||||||||||||||||| || u | ||
| 020 | _a0538061014 | ||
| 050 | _aHG 4026 Nev | ||
| 100 | _aNeveu, Raymond P | ||
| 245 | 1 | 0 | _aFundamentals of managerial finance |
| 246 | _astudy guide and supplement | ||
| 260 |
_aNew York _bSouth-Western Publishing _c1981 |
||
| 300 | _avi, 141p. | ||
| 350 | _a0.00 | ||
| 995 |
_aANNEX COLLECTION (Main Library) _D0.00 _e024467 _FCBU-MAIN LIBRARY (Kitwe) _H1 _I10.00 _jHG 4026 Nev _UAVAILABLE _y024467 _ZAnnex Low-Usage Collection |
||
| 995 |
_aANNEX COLLECTION (Main Library) _D0.00 _e024468 _FCBU-MAIN LIBRARY (Kitwe) _H2 _I10.00 _jHG 4026 Nev _UAVAILABLE _y024468 _ZAnnex Low-Usage Collection |
||
| 995 |
_aANNEX COLLECTION (Main Library) _D0.00 _e024463 _FCBU-MAIN LIBRARY (Kitwe) _H4 _I10.00 _jHG 4026 Nev _UAVAILABLE _y024463 _ZAnnex Low-Usage Collection |
||
| 995 |
_aANNEX COLLECTION (Main Library) _D0.00 _e024469 _FCBU-MAIN LIBRARY (Kitwe) _H3 _I10.00 _jHG 4026 Nev _UAVAILABLE _y024469 _ZAnnex Low-Usage Collection |
||
| 999 |
_c63362 _d63362 |
||